| 000 | 00538nam a2200193Ia 4500 | ||
|---|---|---|---|
| 005 | 20250507130209.0 | ||
| 008 | 008 250505s9999 xx 000 0 eng d | ||
| 037 | _aSeries Article | ||
| 040 |
_aEASL _beng _cEASL |
||
| 041 |
_aeng _2eng |
||
| 084 | _qEASL | ||
| 100 |
_aLianfen Yang _9668762 |
||
| 245 | 0 | _aNew ethics and old roles:the identity dilemma of may fourth new women | |
| 260 |
_aChina _bBeijing Routledge China _c2012 |
||
| 300 | _a71-91 | ||
| 650 | _aChina | ||
| 942 | _cSRA | ||
| 999 |
_c1318267 _d1318267 |
||